[Event "FICGS class D 000280 email"]
[Site "FICGS email"]
[Date "2021.10.26"]
[Round "1"]
[White "Pintor, Manuel"]
[Black "Plunkett, Louis"]
[Result "0-1"]
[WhiteElo "1624"]
[BlackElo "1638"]
[PlyCount "90"]
[EventDate "2021.??.??"]
[EventType "tourn (corr)"]
[EventRounds "6"]
[SourceTitle "Corr 2024"]
[Source "ChessBase"]
[SourceDate "2023.10.19"]
[SourceVersion "1"]
[SourceVersionDate "2023.10.19"]
[SourceQuality "1"]

1. e4 c5 2. f4 g6 3. Nf3 Bg7 4. Bc4 e6 5. e5 d5 6. exd6 Qxd6 7. d3 Nf6 8. 0-0 0-0 9. c3 Nc6 10. Ng5 Na5 11. Bb5 Bd7 12. Bxd7 Qxd7 13. Be3 Qc7 14. Qa4 b6 15. h3 Nc6 16. Nd2 Ne7 17. Nde4 Ned5 18. Bd2 a5 19. a3 Nd7 20. g4 h6 21. Nf3 Nxf4 22. Nf2 Ne2+ 23. Kh1 Ng3+ 24. Kg2 Nxf1 25. Rxf1 Ne5 26. Nxe5 Bxe5 27. Bxh6 Rfd8 28. Qe4 Bh2 29. Qf3 Be5 30. g5 Bh8 31. Ng4 Qe7 32. Nf6+ Bxf6 33. gxf6 Qd7 34. Qg3 Qd5+ 35. Rf3 Qh5 36. Bg7 Rd5 37. h4 Rad8 38. Kh3 Rg5 39. Qf2 Rgd5 40. Qg3 Rg5 41. Qxg5 Qxf3+ 42. Qg3 Rxd3 43. Qxf3 Rxf3+ 44. Kg4 Rf2 45. b4 Rc2 0-1

[Event "FICGS class D 000280 email"]
[Site "FICGS email"]
[Date "2021.10.26"]
[Round "1"]
[White "Plunkett, Louis"]
[Black "Pech, Matej"]
[Result "1-0"]
[WhiteElo "1638"]
[BlackElo "1794"]
[PlyCount "35"]
[EventDate "2021.??.??"]
[EventType "tourn (corr)"]
[EventRounds "6"]
[SourceTitle "Corr 2024"]
[Source "ChessBase"]
[SourceDate "2023.10.19"]
[SourceVersion "1"]
[SourceVersionDate "2023.10.19"]
[SourceQuality "1"]

1. d4 d5 2. c4 c6 3. Nc3 Nf6 4. Bg5 e6 5. cxd5 exd5 6. h3 Bd6 7. e3 h6 8. Bxf6 Qxf6 9. Nf3 Bf5 10. Be2 0-0 11. 0-0 Nd7 12. a3 Rae8 13. Rc1 Qe6 14. Bd3 Bxh3 15. g3 Bxf1 16. Bxf1 f5 17. Ne2 g5 18. Nc3 1-0

[Event "FICGS class D 000272 email"]
[Site "FICGS email"]
[Date "2020.12.23"]
[Round "1"]
[White "Javier, Christian"]
[Black "Plunkett, Louis"]
[Result "1-0"]
[WhiteElo "1800"]
[BlackElo "1651"]
[PlyCount "51"]
[EventDate "2020.??.??"]
[EventType "tourn (corr)"]
[EventRounds "6"]
[SourceTitle "Corr 2022"]
[Source "ChessBase"]
[SourceDate "2021.10.24"]
[SourceVersion "1"]
[SourceVersionDate "2021.10.24"]
[SourceQuality "1"]

1. e4 c5 2. Nf3 Nc6 3. d4 cxd4 4. Nxd4 Nf6 5. Nc3 d6 6. Bg5 e5 7. Bxf6 Qxf6 8. Ndb5 Kd8 9. Nd5 Qg6 10. Qd3 f5 11. 0-0-0 fxe4 12. Qb3 Bg4 13. f3 exf3 14. gxf3 Bf5 15. Bd3 Bxd3 16. Rxd3 Rc8 17. Kb1 Nd4 18. Nxd4 exd4 19. Nf4 Qf6 20. Nd5 Qf7 21. Rxd4 g5 22. Qa3 b6 23. Rhd1 Rg8 24. Nxb6 axb6 25. Rxd6+ Ke8 26. Qa4+ 1-0

[Event "FICGS class D 000272 email"]
[Site "FICGS email"]
[Date "2020.12.23"]
[Round "1"]
[White "Plunkett, Louis"]
[Black "Ortiz, Jose Luis"]
[Result "0-1"]
[WhiteElo "1651"]
[BlackElo "1730"]
[PlyCount "68"]
[EventDate "2020.??.??"]
[EventType "tourn (corr)"]
[EventRounds "6"]
[SourceTitle "Corr 2024"]
[Source "ChessBase"]
[SourceDate "2023.10.19"]
[SourceVersion "1"]
[SourceVersionDate "2023.10.19"]
[SourceQuality "1"]

1. c4 Nf6 2. g3 g6 3. Bg2 d6 4. Nc3 Bf5 5. Bxb7 c6 6. Bxa8 e5 7. Qa4 Bd7 8. Qxa7 Bg7 9. Na4 Be6 10. d3 0-0 11. Nb6 Nfd7 12. Nxd7 Bxd7 13. Be3 g5 14. Bb7 h6 15. Bb6 Qe8 16. 0-0-0 Bg4 17. f3 Bh5 18. g4 Bg6 19. e4 h5 20. Bc7 Qe7 21. Bxb8 h4 22. Bxc6 Qf6 23. Qc7 Rd8 24. Ba7 Kh7 25. Bb6 Rf8 26. a4 Qf4+ 27. Kb1 f6 28. a5 Rf7 29. Qd8 Rf8 30. Qxd6 Rf7 31. a6 Bf8 32. Qb8 Bb4 33. a7 Kh6 34. a8Q Bh7 0-1

[Event "FICGS class D 000272 email"]
[Site "FICGS email"]
[Date "2020.12.23"]
[Round "1"]
[White "Yague, Omar"]
[Black "Plunkett, Louis"]
[Result "1-0"]
[WhiteElo "1684"]
[BlackElo "1651"]
[PlyCount "51"]
[EventDate "2020.??.??"]
[EventType "tourn (corr)"]
[EventRounds "6"]
[SourceTitle "Corr 2022"]
[Source "ChessBase"]
[SourceDate "2021.10.24"]
[SourceVersion "1"]
[SourceVersionDate "2021.10.24"]
[SourceQuality "1"]

1. d4 d5 2. c4 Nf6 3. Nf3 Nc6 4. cxd5 Nxd5 5. e4 Nf6 6. d5 Nb8 7. Nc3 Bg4 8. Qb3 Nbd7 9. h3 Bxf3 10. gxf3 Ne5 11. Be2 Qc8 12. f4 Ned7 13. e5 Ng8 14. e6 fxe6 15. dxe6 Nb6 16. a4 a5 17. Be3 Nf6 18. Rc1 Qd8 19. Bxb6 cxb6 20. Bb5+ Nd7 21. Ne4 g6 22. exd7+ Qxd7 23. Qe6 Qxb5 24. Rc8+ Rxc8 25. Nd6+ Kd8 26. Qxc8# 1-0

[Event "FICGS class D 000267 email"]
[Site "FICGS email"]
[Date "2020.07.17"]
[Round "1"]
[White "Plunkett, Louis"]
[Black "Piantadosi, Angelo"]
[Result "1-0"]
[WhiteElo "1629"]
[BlackElo "1490"]
[PlyCount "133"]
[EventDate "2020.??.??"]
[EventType "tourn (corr)"]
[EventRounds "6"]
[SourceTitle "Corr 2022"]
[Source "ChessBase"]
[SourceDate "2021.10.24"]
[SourceVersion "1"]
[SourceVersionDate "2021.10.24"]
[SourceQuality "1"]

1. c4 e5 2. g3 d5 3. cxd5 Qxd5 4. Nf3 Nc6 5. Nc3 Qd8 6. Bg2 Nf6 7. 0-0 Be7 8. d3 0-0 9. a3 Re8 10. e4 Bg4 11. Be3 Nd4 12. Bxd4 exd4 13. Ne2 c5 14. h3 Bxf3 15. Bxf3 Rc8 16. Rc1 Bd6 17. Bg2 Nd7 18. f4 Bb8 19. e5 b6 20. Be4 f6 21. Qb3+ Kh8 22. e6 Nf8 23. f5 a6 24. Qd1 Nxe6 25. fxe6 Rxe6 26. Bf5 Re3 27. Bxc8 Qxc8 28. Kh2 Qe8 29. Rc2 Qg6 30. Rg1 Rxd3 31. Rd2 Rxd2 32. Qxd2 h6 33. b4 Be5 34. bxc5 bxc5 35. Qa5 Qc2 36. Rg2 Qc4 37. Qd8+ Kh7 38. Qd7 Qd3 39. Nf4 Qxa3 40. Qf5+ Kg8 41. Qe6+ Kh7 42. Qf7 Qa4 43. Qg6+ Kg8 44. Ne6 Qd7 45. Nxc5 Qe7 46. Nxa6 Qf7 47. Qe4 Qc4 48. Qa8+ Kh7 49. Qb7 d3 50. Nb4 Bc3 51. Nd5 d2 52. Qb1+ Kh8 53. Nxc3 Qxc3 54. Qd1 Qe3 55. Rxd2 Kh7 56. Qc2+ Kg8 57. Rd8+ Kf7 58. Rd7+ Ke6 59. Qc6+ Kf5 60. Rd5+ Kg6 61. Qc2+ Kf7 62. Qc7+ Kg6 63. Qc2+ Kf7 64. Rd3 Qb6 65. Qe2 Qb5 66. Qc2 Qb7 67. Qb3+ 1-0

[Event "FICGS class E 000225 email"]
[Site "FICGS email"]
[Date "2019.08.19"]
[Round "1"]
[White "Hadden, John"]
[Black "Plunkett, Louis"]
[Result "0-1"]
[WhiteElo "1256"]
[BlackElo "1559"]
[PlyCount "64"]
[EventDate "2019.??.??"]
[EventType "tourn (corr)"]
[EventRounds "5"]
[SourceTitle "Corr 2022"]
[Source "ChessBase"]
[SourceDate "2021.10.24"]
[SourceVersion "1"]
[SourceVersionDate "2021.10.24"]
[SourceQuality "1"]

1. d4 d5 2. Nc3 Nc6 3. Nf3 Bg4 4. h3 Bh5 5. g4 Bg6 6. e3 Nb4 7. Bd3 Nf6 8. a3 Nxd3+ 9. cxd3 e6 10. Ne5 Bd6 11. h4 h6 12. g5 Bxe5 13. dxe5 Bh5 14. Qd2 Nd7 15. b4 hxg5 16. hxg5 Qxg5 17. f4 Qg3+ 18. Qf2 Qxf2+ 19. Kxf2 0-0-0 20. e4 c6 21. exd5 cxd5 22. Be3 a6 23. Rhg1 Bg6 24. d4 Nb6 25. Rac1 Kb8 26. Rh1 Nc4 27. Rxh8 Rxh8 28. Re1 Nxa3 29. Ke2 Rh2+ 30. Kd1 Bc2+ 31. Kc1 Bf5 32. Rd1 Rc2# 0-1

[Event "FICGS class E 000221 email"]
[Site "FICGS email"]
[Date "2019.04.06"]
[Round "1"]
[White "Plunkett, Louis"]
[Black "Strohmeier, Josef"]
[Result "1-0"]
[WhiteElo "1545"]
[BlackElo "1308"]
[PlyCount "67"]
[EventDate "2019.??.??"]
[EventType "tourn (corr)"]
[EventRounds "5"]
[SourceTitle "Corr 2022"]
[Source "ChessBase"]
[SourceDate "2021.10.24"]
[SourceVersion "1"]
[SourceVersionDate "2021.10.24"]
[SourceQuality "1"]

1. c4 Nf6 2. g3 d5 3. cxd5 Nxd5 4. Nc3 c6 5. Bg2 Nxc3 6. bxc3 e5 7. d3 Be7 8. Nf3 Qc7 9. 0-0 0-0 10. Bb2 Be6 11. c4 f6 12. Qc2 Nd7 13. d4 exd4 14. Nxd4 Bf7 15. Nf5 Bc5 16. Nh4 Ne5 17. Bxe5 Qxe5 18. e3 Rad8 19. Be4 Qh5 20. Kg2 Be6 21. Bf3 Qg5 22. Qe4 Rfe8 23. Qc2 Rd7 24. Be4 Qg4 25. Bxh7+ Kf7 26. Bg6+ Kf8 27. Bxe8 Kxe8 28. Rfd1 Bxc4 29. Rxd7 Kxd7 30. Rd1+ Kc7 31. Qd2 Bd5+ 32. f3 g5 33. e4 Bxe4 34. Qd8# 1-0

[Event "FICGS class E 000219 email"]
[Site "FICGS email"]
[Date "2019.01.30"]
[Round "1"]
[White "Soretti, Vincenzo"]
[Black "Plunkett, Louis"]
[Result "1/2-1/2"]
[WhiteElo "1488"]
[BlackElo "1552"]
[PlyCount "103"]
[EventDate "2019.??.??"]
[EventType "tourn (corr)"]
[EventRounds "5"]
[SourceTitle "Corr 2022"]
[Source "ChessBase"]
[SourceDate "2021.10.24"]
[SourceVersion "1"]
[SourceVersionDate "2021.10.24"]
[SourceQuality "1"]

1. d4 d5 2. Nf3 Nc6 3. c4 e6 4. e3 Nf6 5. Nc3 Be7 6. Bd3 a6 7. 0-0 0-0 8. a3 h6 9. b4 dxc4 10. Bxc4 b5 11. Bd3 Bb7 12. Bb2 Re8 13. Qc2 Bd6 14. Ne4 Nxe4 15. Bxe4 Qd7 16. Ne5 Bxe5 17. dxe5 Nd8 18. Rad1 Qc8 19. Bxb7 Nxb7 20. Rc1 Re7 21. Rfd1 Qe8 22. Qe4 Rb8 23. Rd2 Rd7 24. Rcd1 Rbd8 25. Rxd7 Rxd7 26. Rxd7 Qxd7 27. Qd4 Qc8 28. f4 c5 29. bxc5 Qxc5 30. Qxc5 Nxc5 31. Bc3 Ne4 32. Bb4 g5 33. g3 Kg7 34. Kg2 Kg6 35. Kf3 f5 36. exf6 Nxf6 37. h3 Nd5 38. Ba5 Nf6 39. fxg5 hxg5 40. g4 Kf7 41. Bd8 Kg6 42. e4 Nd7 43. Ke3 Ne5 44. Kf2 Nc4 45. Be7 a5 46. Ke2 Kf7 47. Bxg5 Nxa3 48. h4 b4 49. Kd3 b3 50. Kc3 a4 51. Bc1 Nc2 52. e5 1/2-1/2

[Event "FICGS class E 000211 email"]
[Site "FICGS email"]
[Date "2018.06.30"]
[Round "1"]
[White "Hadden, John"]
[Black "Plunkett, Louis"]
[Result "0-1"]
[WhiteElo "1290"]
[BlackElo "1498"]
[PlyCount "74"]
[EventDate "2018.??.??"]
[EventType "tourn (corr)"]
[EventRounds "5"]
[SourceTitle "Corr 2022"]
[Source "ChessBase"]
[SourceDate "2021.10.24"]
[SourceVersion "1"]
[SourceVersionDate "2021.10.24"]
[SourceQuality "1"]

1. d4 d5 2. c4 Nc6 3. Nf3 Bg4 4. h3 Bxf3 5. gxf3 e6 6. cxd5 exd5 7. Nc3 Nf6 8. Bg5 Be7 9. f4 h6 10. Bh4 Bb4 11. Bg2 Qd6 12. Bg3 Ne4 13. 0-0 Nxg3 14. fxg3 Bxc3 15. bxc3 Na5 16. Qa4+ Nc6 17. Qb5 0-0 18. Qxd5 Qg6 19. Rf3 Qc2 20. Re3 Rfe8 21. Qf3 Na5 22. Rxe8+ Rxe8 23. Kf2 Qb2 24. Qd5 Qxe2+ 25. Kg1 Qe3+ 26. Kh2 Qxc3 27. Rf1 Nc6 28. Qd7 Rd8 29. Qg4 Qxd4 30. Bxc6 bxc6 31. Qf3 Qc4 32. Re1 Qxa2+ 33. Re2 Qc4 34. Qg2 a5 35. Rc2 Qd5 36. Qxd5 cxd5 37. Rxc7 d4 0-1

[Event "FICGS class E 000211 email"]
[Site "FICGS email"]
[Date "2018.06.30"]
[Round "1"]
[White "Plunkett, Louis"]
[Black "Edwardson, Zachariah"]
[Result "0-1"]
[WhiteElo "1498"]
[BlackElo "1267"]
[PlyCount "60"]
[EventDate "2018.??.??"]
[EventType "tourn (corr)"]
[EventRounds "5"]
[SourceTitle "Corr 2022"]
[Source "ChessBase"]
[SourceDate "2021.10.24"]
[SourceVersion "1"]
[SourceVersionDate "2021.10.24"]
[SourceQuality "1"]

1. c4 Nf6 2. g3 e6 3. Bg2 d5 4. Nf3 Be7 5. 0-0 0-0 6. b3 b6 7. Bb2 Bb7 8. d3 c5 9. Ne5 Nbd7 10. f4 Nxe5 11. fxe5 Ng4 12. Bc1 Bg5 13. Bxg5 Qxg5 14. Qd2 Qxe5 15. Nc3 Ne3 16. Rf3 d4 17. Nd1 Nxg2 18. Kxg2 Qh5 19. Nf2 f5 20. Re1 g5 21. Kg1 g4 22. Rf4 e5 23. Rxg4+ fxg4 24. Ne4 Bxe4 25. dxe4 Qg6 26. Qc2 Rf7 27. a3 Raf8 28. b4 Rf2 29. Qb1 Qh6 30. bxc5 Qxh2# 0-1

[Event "FICGS class D 000246 email"]
[Site "FICGS email"]
[Date "2018.05.12"]
[Round "1"]
[White "Kuliy, Oleksandr"]
[Black "Plunkett, Louis"]
[Result "0-1"]
[WhiteElo "1854"]
[BlackElo "1498"]
[PlyCount "28"]
[EventDate "2018.??.??"]
[EventType "tourn (corr)"]
[EventRounds "6"]
[SourceTitle "Corr 2022"]
[Source "ChessBase"]
[SourceDate "2021.10.24"]
[SourceVersion "1"]
[SourceVersionDate "2021.10.24"]
[SourceQuality "1"]

1. d4 d5 2. c4 Nc6 3. Nf3 Bg4 4. Bf4 e6 5. e3 Bb4+ 6. Nc3 Nge7 7. Rc1 0-0 8. h3 Bxf3 9. Qxf3 Ng6 10. cxd5 exd5 11. Bd3 Nxf4 12. Qxf4 Bxc3+ 13. Rxc3 Nb4 14. Bb1 c6 0-1

[Event "FICGS rapid C 000154 email"]
[Site "FICGS email"]
[Date "2018.03.21"]
[Round "1"]
[White "Plunkett, Louis"]
[Black "Sundararaghavan, Shailesh"]
[Result "0-1"]
[WhiteElo "1495"]
[BlackElo "1500"]
[PlyCount "78"]
[EventDate "2018.??.??"]
[EventType "tourn (rapid)"]
[EventRounds "4"]
[SourceTitle "Corr 2022"]
[Source "ChessBase"]
[SourceDate "2021.10.24"]
[SourceVersion "1"]
[SourceVersionDate "2021.10.24"]
[SourceQuality "1"]

1. c4 e5 2. g3 d5 3. Bg2 dxc4 4. Qa4+ Nc6 5. Qxc4 Bd7 6. Nf3 Be6 7. Qa4 Bd6 8. Nc3 Nf6 9. d3 0-0 10. a3 h6 11. 0-0 a6 12. Qd1 Rb8 13. Rb1 Nd4 14. Nxd4 exd4 15. Ne4 Nxe4 16. Bxe4 f5 17. Bg2 f4 18. b4 fxg3 19. hxg3 c6 20. Bb2 Be5 21. Rc1 Bd5 22. f3 Bxg3 23. Rf2 Qh4 24. Qe1 Bxf2+ 25. Qxf2 Qxf2+ 26. Kxf2 Rf4 27. Rh1 Ra8 28. e3 dxe3+ 29. Kxe3 Raf8 30. Rh3 R4f5 31. Rg3 Rg5 32. Rxg5 hxg5 33. Kf2 g4 34. Bd4 gxf3 35. Bh1 g5 36. Bc5 Rf5 37. Bb6 g4 38. Bc7 Kf7 39. Bg3 Rh5 0-1

[Event "FICGS rapid C 000154 email"]
[Site "FICGS email"]
[Date "2018.03.21"]
[Round "1"]
[White "Plunkett, Louis"]
[Black "Trigance, Emile"]
[Result "1/2-1/2"]
[WhiteElo "1495"]
[BlackElo "1584"]
[PlyCount "132"]
[EventDate "2018.??.??"]
[EventType "tourn (rapid)"]
[EventRounds "4"]
[SourceTitle "Corr 2022"]
[Source "ChessBase"]
[SourceDate "2021.10.24"]
[SourceVersion "1"]
[SourceVersionDate "2021.10.24"]
[SourceQuality "1"]

1. c4 e6 2. g3 d5 3. Bg2 c6 4. Nc3 dxc4 5. Nf3 Nd7 6. 0-0 Ngf6 7. d3 cxd3 8. Qxd3 Be7 9. e4 Qc7 10. Be3 0-0 11. Rad1 Rd8 12. Qc2 e5 13. a3 b6 14. Nb5 Qb7 15. Nd6 Qc7 16. Nxf7 Rf8 17. N7g5 Nc5 18. Qc4+ Kh8 19. Nf7+ Rxf7 20. Bxc5 Bxc5 21. Nxe5 Re7 22. Nd3 Bd6 23. f4 Ng4 24. Qc1 Re8 25. e5 Bc5+ 26. Nxc5 bxc5 27. h3 Nh6 28. Kh2 Bb7 29. Be4 Rad8 30. Qc2 g6 31. g4 Qe7 32. Kg3 Qe6 33. Rxd8 Rxd8 34. Rd1 Rxd1 35. Qxd1 Nf7 36. Qa4 a6 37. Qa5 Qb3+ 38. Bf3 Qe3 39. Qc3 Qg1+ 40. Bg2 Qd4 41. Qc1 Nd8 42. Qc3 Ne6 43. Qxd4 Nxd4 44. Bf1 Kg8 45. Bg2 Kf7 46. Kh4 Bc8 47. Kg5 Kg7 48. Kh4 Be6 49. Bf1 a5 50. Bd3 c4 51. Bb1 c5 52. Kg3 Kf7 53. Kf2 h5 54. Kg3 hxg4 55. hxg4 c3 56. bxc3 Ne2+ 57. Kf3 Nxc3 58. Bc2 Nb5 59. Be4 Nxa3 60. f5 gxf5 61. gxf5 Bxf5 62. Bxf5 c4 63. Ke2 c3 64. Kd1 c2+ 65. Bxc2 Nxc2 66. Kxc2 Ke6 1/2-1/2

[Event "FICGS rapid C 000149 email"]
[Site "FICGS email"]
[Date "2018.01.28"]
[Round "1"]
[White "Norris, Hugh"]
[Black "Plunkett, Louis"]
[Result "0-1"]
[WhiteElo "1649"]
[BlackElo "1553"]
[PlyCount "78"]
[EventDate "2018.??.??"]
[EventType "tourn (rapid)"]
[EventRounds "4"]
[SourceTitle "Corr 2022"]
[Source "ChessBase"]
[SourceDate "2021.10.24"]
[SourceVersion "1"]
[SourceVersionDate "2021.10.24"]
[SourceQuality "1"]

1. e4 c5 2. Nf3 g6 3. Bc4 Bg7 4. 0-0 d6 5. Nc3 Nf6 6. Re1 0-0 7. e5 Ng4 8. d4 cxd4 9. Nxd4 dxe5 10. Nf3 Qc7 11. Bb3 Be6 12. Bxe6 fxe6 13. Ng5 Nxf2 14. Qd2 Qc6 15. Nce4 Ng4 16. a3 Nd7 17. Qb4 Qb6+ 18. Qxb6 Nxb6 19. Nxe6 Rf7 20. Nxg7 Kxg7 21. Nc5 Rb8 22. h3 Nf6 23. Rxe5 Nc4 24. Re1 b6 25. Ne4 Nxe4 26. Rxe4 Nd6 27. Re1 Nf5 28. Bf4 Rc8 29. c3 Rc4 30. Rad1 Rxf4 31. Rd7 a6 32. Ra7 a5 33. Rb7 Ng3 34. Rexe7 Rxe7 35. Rxe7+ Rf7 36. Re6 Rb7 37. b4 axb4 38. axb4 b5 39. Kh2 Nf1+ 0-1

[Event "FICGS rapid D 000106 email"]
[Site "FICGS email"]
[Date "2017.12.31"]
[Round "1"]
[White "Pech, Jaroslav Sr"]
[Black "Plunkett, Louis"]
[Result "1-0"]
[WhiteElo "1398"]
[BlackElo "1497"]
[PlyCount "43"]
[EventDate "2017.??.??"]
[EventType "tourn (rapid)"]
[EventRounds "5"]
[SourceTitle "Corr 2022"]
[Source "ChessBase"]
[SourceDate "2021.10.24"]
[SourceVersion "1"]
[SourceVersionDate "2021.10.24"]
[SourceQuality "1"]

1. d4 d5 2. c4 Nc6 3. Nc3 Nf6 4. Nf3 dxc4 5. e4 Bg4 6. Be3 e6 7. Bxc4 Bb4 8. Qc2 Bxf3 9. gxf3 Nxd4 10. Bxd4 Qxd4 11. Qa4+ c6 12. Qxb4 0-0-0 13. Rd1 Qe5 14. 0-0 Nh5 15. Ne2 Nf6 16. Rc1 Qg5+ 17. Kh1 Qd2 18. Qe7 Qxb2 19. Rb1 Rhe8 20. Qc5 Qc2 21. Qxa7 Re7 22. Ba6 1-0

[Event "LSS No Engine Cup 175 Preliminary 0"]
[Site "LSS email"]
[Date "2017.12.10"]
[Round "?"]
[White "Plunkett, Louis"]
[Black "Kiryushin, Anatoly"]
[Result "0-1"]
[WhiteElo "1374"]
[BlackElo "2123"]
[PlyCount "68"]
[EventDate "2017.12.11"]
[EventType "tourn (corr)"]
[EventRounds "6"]
[EventCountry "GER"]
[SourceTitle "Corr 2022"]
[Source "ChessBase"]
[SourceDate "2021.10.24"]
[SourceVersion "1"]
[SourceVersionDate "2021.10.24"]
[SourceQuality "1"]

1. c4 Nf6 2. g3 e6 3. Bg2 d5 4. cxd5 exd5 5. Nf3 c5 6. d4 Nc6 7. Nc3 cxd4 8. Nxd4 Bc5 9. Nf3 0-0 10. 0-0 d4 11. Na4 Be7 12. Qc2 Bg4 13. Nc5 Qb6 14. Ne4 h6 15. a3 Rac8 16. Qd3 Nd5 17. Bd2 Rfd8 18. Rfb1 f5 19. b4 fxe4 20. Qxe4 Nf6 21. Qd3 Bf8 22. a4 Re8 23. b5 Ne5 24. Nxe5 Rxe5 25. Re1 Bf5 26. Qb3+ Qe6 27. Qxe6+ Rxe6 28. Bxb7 Rc2 29. Bf4 g5 30. Bc1 Bb4 31. Rd1 Bc3 32. e3 Bxa1 33. exd4 Bg4 34. f3 Bxd4+ 0-1

[Event "FICGS class E 000197 email"]
[Site "FICGS email"]
[Date "2017.04.29"]
[Round "1"]
[White "Plunkett, Louis"]
[Black "Rezack, Thomas"]
[Result "0-1"]
[WhiteElo "1585"]
[BlackElo "1315"]
[PlyCount "60"]
[EventDate "2017.??.??"]
[EventType "tourn (corr)"]
[EventRounds "5"]
[SourceTitle "Corr 2022"]
[Source "ChessBase"]
[SourceDate "2021.10.24"]
[SourceVersion "1"]
[SourceVersionDate "2021.10.24"]
[SourceQuality "1"]

1. c4 c5 2. g3 e6 3. Bg2 d5 4. cxd5 exd5 5. d4 Nf6 6. Nc3 cxd4 7. Qxd4 Nc6 8. Qd1 d4 9. Ne4 Be7 10. Qc2 0-0 11. Nf3 Nxe4 12. Qxe4 Bb4+ 13. Bd2 Bxd2+ 14. Nxd2 Re8 15. Qf4 Be6 16. 0-0 Bd5 17. e4 dxe3 18. fxe3 Bxg2 19. Kxg2 Qxd2+ 20. Rf2 Qd5+ 21. Kg1 Re4 22. Qf3 Ne5 23. Qe2 Qc5 24. Re1 Ng4 25. Qc2 Rc4 26. Qb3 Nxf2 27. Kxf2 Rd8 28. Re2 Qf5+ 29. Kg2 Rc1 30. Rf2 Rd2 0-1

[Event "FICGS class E 000197 email"]
[Site "FICGS email"]
[Date "2017.04.29"]
[Round "1"]
[White "Plunkett, Louis"]
[Black "Trigance, Emile"]
[Result "0-1"]
[WhiteElo "1585"]
[BlackElo "1587"]
[PlyCount "62"]
[EventDate "2017.??.??"]
[EventType "tourn (corr)"]
[EventRounds "5"]
[SourceTitle "Corr 2022"]
[Source "ChessBase"]
[SourceDate "2021.10.24"]
[SourceVersion "1"]
[SourceVersionDate "2021.10.24"]
[SourceQuality "1"]

1. c4 c6 2. g3 d5 3. cxd5 Qxd5 4. Nf3 Bg4 5. Bg2 Qa5 6. Nc3 Nf6 7. a3 e6 8. 0-0 Be7 9. Qb3 Qc7 10. d4 Nd5 11. Nxd5 exd5 12. Ne5 Be6 13. Bf4 Bd6 14. Qe3 Nd7 15. Nd3 0-0 16. Bxd6 Qxd6 17. f4 Rfe8 18. Qd2 f6 19. f5 Bf7 20. Nf4 Re7 21. Rae1 Rae8 22. e3 Nb6 23. Qd3 Nc4 24. Rf2 Rxe3 25. Rxe3 Rxe3 26. Qb1 Qe7 27. Kf1 Qe8 28. Qd1 Nd6 29. Re2 Rxe2 30. Nxe2 Nxf5 31. Nf4 Ne3+ 0-1

[Event "FICGS class E 000197 email"]
[Site "FICGS email"]
[Date "2017.04.29"]
[Round "1"]
[White "Vollmer, Steve"]
[Black "Plunkett, Louis"]
[Result "0-1"]
[WhiteElo "1470"]
[BlackElo "1585"]
[PlyCount "86"]
[EventDate "2017.??.??"]
[EventType "tourn (corr)"]
[EventRounds "5"]
[SourceTitle "Corr 2022"]
[Source "ChessBase"]
[SourceDate "2021.10.24"]
[SourceVersion "1"]
[SourceVersionDate "2021.10.24"]
[SourceQuality "1"]

1. Nf3 c5 2. c4 Nc6 3. Nc3 g6 4. g3 e5 5. Bg2 Bg7 6. 0-0 Nf6 7. d3 0-0 8. h3 d6 9. a3 a6 10. Qc2 Bd7 11. Rb1 Qc8 12. Kh2 Re8 13. b4 cxb4 14. axb4 b5 15. e3 bxc4 16. dxc4 Bf5 17. e4 Bd7 18. Rd1 Bf8 19. Bg5 Nd4 20. Nxd4 exd4 21. Rxd4 Be7 22. Bxf6 Bxf6 23. Rxd6 Be5 24. c5 Bxd6 25. cxd6 Rb8 26. Qd2 Re5 27. Nd5 Qd8 28. f4 Rxd5 29. exd5 a5 30. Qd4 a4 31. Bf1 Bf5 32. Re1 Qxd6 33. Qc5 Qf6 34. Bb5 a3 35. g4 Bxg4 36. hxg4 Qh4+ 37. Kg2 Qxe1 38. Bc4 Re8 39. d6 a2 40. Bxa2 Re2+ 41. Kf3 Qf1+ 42. Kg3 Qg2+ 43. Kh4 Qh2+ 0-1

[Event "FICGS class D 000236 email"]
[Site "FICGS email"]
[Date "2017.04.21"]
[Round "1"]
[White "Cabrera Trujillo, Claudio Tomas"]
[Black "Plunkett, Louis"]
[Result "1-0"]
[WhiteElo "1480"]
[BlackElo "1585"]
[PlyCount "91"]
[EventDate "2017.??.??"]
[EventType "tourn (corr)"]
[EventRounds "6"]
[SourceTitle "Corr 2022"]
[Source "ChessBase"]
[SourceDate "2021.10.24"]
[SourceVersion "1"]
[SourceVersionDate "2021.10.24"]
[SourceQuality "1"]

1. e4 c5 2. Nc3 Nc6 3. f4 e6 4. Nf3 d5 5. exd5 exd5 6. Bb5 Nge7 7. Qe2 g6 8. d4 cxd4 9. Nxd4 Qd6 10. Be3 Bg7 11. 0-0-0 0-0 12. Qf3 h5 13. h3 a6 14. Be2 Re8 15. g4 b5 16. gxh5 b4 17. Nb1 Nxd4 18. Bxd4 Bxd4 19. Rxd4 Bb7 20. hxg6 Nxg6 21. Rg1 Kf8 22. f5 Nf4 23. Bd1 b3 24. axb3 Qh6 25. Qxf4 Qxf4+ 26. Rxf4 Re4 27. Rfg4 Rxg4 28. hxg4 Kg7 29. Bf3 Rd8 30. Nc3 f6 31. Rd1 Kh6 32. Bxd5 Bxd5 33. Rxd5 Re8 34. Rd6 Kg5 35. Rxa6 Re1+ 36. Kd2 Re8 37. Nd5 Rd8 38. c4 Rd7 39. Ke3 Rf7 40. b4 Kxg4 41. b5 Kxf5 42. b6 Rg7 43. Ra7 Rg3+ 44. Kd4 Rb3 45. Ra5 Kg6 46. Rb5 1-0

[Event "FICGS class E 000195 email"]
[Site "FICGS email"]
[Date "2017.02.02"]
[Round "1"]
[White "Price, Eric A Sr"]
[Black "Plunkett, Louis"]
[Result "1/2-1/2"]
[WhiteElo "1273"]
[BlackElo "1564"]
[PlyCount "65"]
[EventDate "2017.??.??"]
[EventType "tourn (corr)"]
[EventRounds "5"]
[SourceTitle "Corr 2022"]
[Source "ChessBase"]
[SourceDate "2021.10.24"]
[SourceVersion "1"]
[SourceVersionDate "2021.10.24"]
[SourceQuality "1"]

1. e4 c5 2. Nf3 Nc6 3. d4 cxd4 4. Nxd4 g6 5. Nc3 Bg7 6. Be3 Nf6 7. Bc4 Qa5 8. f3 0-0 9. Bb3 d6 10. Qd2 Bd7 11. 0-0-0 Rac8 12. h4 Ne5 13. Kb1 Nc4 14. Bxc4 Rxc4 15. Nb3 Qa6 16. h5 Rxc3 17. bxc3 Rc8 18. hxg6 fxg6 19. Bd4 Be6 20. e5 dxe5 21. Bxe5 Ne4 22. fxe4 Bxe5 23. Qh6 Bxc3 24. Qxh7+ Kf8 25. Rhf1+ Bf6 26. Rxf6+ exf6 27. Qh6+ Ke7 28. Qxg6 Qc6 29. Qh7+ Bf7 30. Rd2 Qc4 31. Qf5 Be6 32. Qh7+ Bf7 33. Rf2 1/2-1/2